000 00962nac a22002531u 4500
010 _a 2001036826
020 _a0130339695
022 _a0130423556
082 0 0 _a005.74
_bH6987
090 _c4492
_d4492
100 _aHoffer, Jeffrey A.
245 1 0 _aModern database management /
_cJeffrey A. Hoffer, Mary B. Prescott, Fred R. McFadden.
250 _a6th ed.
_bInternational ed.
260 _aUpper Saddle River, NJ :
_bPrentice Hall,
_cc2002.
300 _axxxiv, 638 p. :
_bill. ;
_c29 cm.
500 _aMcFadden's name appeared first in the previous edition.
500 _aInternational Edition.
504 _aIncludes bibliographical references and index.
650 0 _aDatabase management.
700 1 _aMcFadden, Fred R.,
_d1933-
700 1 _aMcFadden, Fred R.,
_d1933-
942 _cBB
_k005.74H6987
999 _c4492
_d4492